[Event "Kaspersky op U16"]
[Site "Tornelo INT"]
[Date "2021.04.02"]
[Round "8"]
[White "Darius, Patlo Banda"]
[Black "Cherian Thomas, Yakov"]
[Result "0-1"]
[WhiteElo "1407"]
[BlackElo "1598"]
[PlyCount "150"]
[EventDate "2021.04.02"]
[EventType "swiss (blitz)"]
[EventRounds "11"]
[EventCountry "RUS"]
[SourceTitle "CBM 201 Extra"]
[Source "ChessBase"]
[SourceDate "2021.05.31"]
[SourceVersion "1"]
[SourceVersionDate "2021.05.31"]
[SourceQuality "1"]

1. d4 d5 2. c4 e6 3. Nc3 Nf6 4. cxd5 exd5 5. Bg5 Be7 6. Nf3 0-0 7. e3 c6 8. Bd3 h6 9. Bh4 Ne4 10. Bxe7 Qxe7 11. Qc2 Bf5 12. 0-0 Nd7 13. Bxe4 dxe4 14. Nd2 Rfe8 15. Rfb1 Bg6 16. b4 Qh4 17. Nc4 Nf6 18. Ne5 Bh5 19. g3 Qh3 20. Nxe4 Rxe5 21. Nxf6+ gxf6 22. Qc1 Bf3 23. Qf1 Qxf1+ 24. Kxf1 Rd5 25. a4 b6 26. Kg1 Rc8 27. Rc1 c5 28. bxc5 bxc5 29. dxc5 Rcxc5 30. Rxc5 Rxc5 31. a5 Rd5 32. Kf1 Rd1+ 33. Rxd1 Bxd1 34. Ke1 Ba4 35. Kd2 Bb5 36. Kc3 a6 37. Kd4 Kg7 38. f4 Kg6 39. e4 Kh5 40. Kd5 Kg6 41. Kd6 Bd3 42. Kd5 Kg7 43. e5 fxe5 44. Kxe5 Kg6 45. h3 h5 46. h4 f6+ 47. Ke6 Bb5 48. Kd5 Kf5 49. Kd6 Kg4 50. Ke6 f5 51. Kf6 Bd3 52. Kg6 Kxg3 53. Kg5 Bc2 54. Kxh5 Kxf4 55. Kg6 Bd1 56. Kf6 Kg4 57. Ke6 f4 58. Kd5 f3 59. h5 f2 60. h6 Bc2 61. h7 Bxh7 62. Kc5 f1Q 63. Kb6 Qb5+ 64. Kc7 Qxa5+ 65. Kd6 Qb6+ 66. Ke5 Qc5+ 67. Ke6 Bf5+ 68. Kf6 Qd6+ 69. Kf7 Bb1 70. Kg7 Kg5 71. Kf7 Kf5 72. Kg7 Qf6+ 73. Kg8 Qe7 74. Kh8 Kg6 75. Kg8 Qg7# 0-1

[Event "Kaspersky op U16"]
[Site "Tornelo INT"]
[Date "2021.04.02"]
[Round "5"]
[White "Tsoy, Maxim1"]
[Black "Cherian Thomas, Yakov"]
[Result "1/2-1/2"]
[WhiteElo "1453"]
[BlackElo "1598"]
[PlyCount "141"]
[EventDate "2021.04.02"]
[EventType "swiss (blitz)"]
[EventRounds "11"]
[EventCountry "RUS"]
[SourceTitle "CBM 201 Extra"]
[Source "ChessBase"]
[SourceDate "2021.05.31"]
[SourceVersion "1"]
[SourceVersionDate "2021.05.31"]
[SourceQuality "1"]

1. e4 c5 2. Nf3 Nc6 3. d4 cxd4 4. Nxd4 g6 5. c4 Nf6 6. Nc3 d6 7. Be3 Ng4 8. Bc1 Qb6 9. Be3 Nxe3 10. fxe3 Qxb2 11. Ndb5 Bg7 12. Rc1 Bg4 13. Qd2 Qxd2+ 14. Kxd2 0-0 15. Nd5 Rac8 16. Nd4 Rfe8 17. Be2 Bd7 18. Rhf1 Nxd4 19. exd4 Bxd4 20. Kd3 Be5 21. Rb1 b6 22. h3 e6 23. Nc3 Bc6 24. Rb3 Red8 25. Ke3 d5 26. cxd5 exd5 27. exd5 Bxd5 28. Nxd5 Rxd5 29. Ra3 Bd4+ 30. Ke4 Rd7 31. Bg4 Re8+ 32. Kf3 f5 33. Rd1 fxg4+ 34. Kxg4 Ree7 35. Rad3 Re4+ 36. Kf3 Re6 37. Rxd4 Rde7 38. Rd8+ Kg7 39. R8d7 Re3+ 40. Kf2 Re2+ 41. Kg3 Rxd7 42. Rxd7+ Kh6 43. Rxa7 Rb2 44. a4 Rb4 45. Ra6 Kg5 46. h4+ Rxh4 47. Ra7 Rb4 48. Kh3 h5 49. Kg3 h4+ 50. Kh2 Kg4 51. Rg7 g5 52. Rb7 Rb2 53. a5 b5 54. Rh7 Ra2 55. Rb7 Rxa5 56. Rb6 Ra2 57. Rxb5 Rf2 58. Rb4+ Rf4 59. Rb3 Rf2 60. Rb4+ Kh5 61. Kh3 Rd2 62. g4+ hxg3 63. Kxg3 Rd3+ 64. Kg2 g4 65. Rb8 Kh4 66. Rh8+ Kg5 67. Rg8+ Kf4 68. Rf8+ Kg5 69. Rg8+ Kf5 70. Rf8+ Kg5 71. Rg8+ 1/2-1/2